000 02416cam a22003495a 4500
003 EG-ScBUE
005 20220516114316.0
008 181017r20062005enka f b 001 0 eng d
020 _a0521612888 (pbk.)
020 _a9780521612883
040 _aEG-ScBUE
_beng
_erda
_cEG-ScBUE
_dEG-ScBUE
082 0 4 _a425
_bHUD
_222
100 1 _aHuddleston, Rodney D.,
_eauthor.
245 1 2 _aA student's introduction to English grammar /
_cRodney Huddleston, University of Queensland, Geoffrey K. Pullum, University of California, Santa Cruz.
250 _aReprinted with correction.
264 1 _aCambridge :
_bCambridge University Press,
_c2006.
300 _aviii, 312 pages :
_billustrations ;
_c26 cm
336 _2rdacontent
_atext
_btxt
337 _2rdamedia
_aunmediated
_bn
338 _2rdacarrier
_avolume
_bnc
504 _aIncludes bibliographical references and index.
505 0 _aA rapid overview -- Verbs, tense, aspect, and mood -- Clause structure, complements, and adjuncts -- Nouns and noun phrases -- Adjectives and adverbs -- Prepositions and preposition phrases -- Negation and related phenomena -- Clause type: asking, exclaiming, and directing -- Subordination and content clauses -- Relative clauses -- Grade and comparison -- Non-finite clauses and clauses without verbs -- Coordination and more -- Information packaging in the clause -- Morphology: words and lexemes.
520 _a"This book is intended for students in colleges or universities who have little or no previous background in grammar, and presupposes no linguistics. It contains exercises and a wealth of other features, and will provide a basis for introductions to grammar and courses on the structure of English not only in linguistics departments but also in English language and literature departments and schools of education. Students will achieve an accurate understanding of grammar that will both enhance their language skills and provide a solid grounding for further linguistic study."--Jacket.
650 7 _aEnglish language
_xGrammar.
_2BUEsh
651 _2BUEsh
653 _bHHUUEENN
_cOctober2018
655 _vReading book
_934232
700 1 _aPullum, Geoffrey K.,
_eauthor.
856 4 2 _3Publisher description
_uhttp://www.loc.gov/catdir/enhancements/fy0632/2005280470-d.html
856 4 2 _3Table of contents only
_uhttp://www.loc.gov/catdir/enhancements/fy0632/2005280470-t.html
942 _2ddc
_cBB
999 _c2144
_d2144